BIBLIOTHÈQUE DE LA MAISON DU MEXIQUE

Logo 1 Logo 2

Aztecs of Mexico (notice nᵒ 11393)

détails MARC
000 -Sello discográfico
campo de control de longitud fija 00983nam a2200325 4500
005 - Identificación de versión
campo de control 20251016082455.0
035 ## - Otros números de control del sistema
Número de control del sistema 14952
099 ## - fechas locales
Tipo de ítem Koha LIBRO
100 ## - Datos de procesamiento general
Datos de procesamiento general 20040519d1944 m y1spay5003 ba
105 ## - Campo de datos codificados: Material textual, monográfico
Datos codificados de monografía a 001zy
200 1# - Título y mención de responsabilidad
Título propio Aztecs of Mexico
Designación general del material texto impreso
Otra información del título origin, rise, and fall of the Aztec Nation
Primer mención de responsabilidad George C. Vaillant
Declaración de responsabilidad subsiguiente revised Suzannah B. Vaillant
210 ## - Publicación, distribución, etc.
Lugar de publicación, distribución, etc. Baltimora
Nombre del editor, distribuidor, etc. Penguin Books
Fecha de publicación, distribución, etc. 1944
215 ## - Descripción física
Designación de material específico y extensión del ítem 362 p
Otras características físicas il.
Dimensiones 18 cm
300 ## - Notas generales
Texto de la nota Contiene índice analítico
345 ## - Nota de información de adquisición
Fuente de adquisición/dirección de la suscripción [OBSOLETO] Donación
410 #1 - Series
Título Pelican Book A200
606 ## - Término temático usado como materia
Elemento de entrada Aztecas
Subdivisión temática Cultura
Número Koha 2350
606 ## - Término temático usado como materia
Elemento de entrada Indios de México
Subdivisión temática Cultura
Número Koha 1400
606 ## - Término temático usado como materia
Elemento de entrada Indios de México
Subdivisión temática Historia
Número Koha 417
660 ## - Código de área geográfica
Código MX
676 ## - Clasificación Decimal Dewey
Número 970.4 V131a
700 ## - Nombre personal - Responsabilidad primaria
Elemento de entrada Vaillant
Parte del nombre distinta del elemento de entrada George Clapp
Fechas 1901-1945
Número Koha 2351
702 ## - Nombre personal - Responsabilidad secundaria
Elemento de entrada Vaillant
Parte del nombre distinta del elemento de entrada Suzannah B
Número Koha 2353
801 #0 - Fuente de origen
Agencia cm
900 ## -
-- 1/7482
900 ## -
-- 7100419247\190504
942 ## - ELEMENTOS DE ENTRADA SECUNDARIOS (KOHA)
Tipo de ítem Koha Livre

Pas d'exemplaire disponible.